10 most popular sports by picture - Statistics

General Stats
  • This quiz has been taken 81 times
    24 since last reset
  • The average score is 9 of 10
Answer Stats
Picture Answer % Correct
Basketball
100%
Golf
100%
Tennis
100%
Baseball
96%
Hockey
96%
Rugby
96%
Soccer
92%
Volleyball
88%
Cricket
63%
Snooker
54%
No matching quizzes found
Score Distribution
Percent of People with Each Score
Percentile by Number Answered
Your Score History
You have not taken this quiz since the last reset